00784nam a2200253 a 4500001001300000003000900013005001700022008004100039020001200080082001300092100002100105245008100126260004400207300000900251500003500260505001000295650002300305650003300328700002100361902000800382942000700390952011800397999001500515nice12345678IN_TiNIC20260116012326.0050524s1982 newa grp 000 0 eng  ac7176000a954bWOL aWolpert, Stanley aRoots Confrontation in South Asiab Afghanistan, Pakistan, India and the Sup aNew YorkbOxford University Pressc1982 a222p aincludes index and biblioraphy2 aIndex aSouth Asia-History aSouth Asia-Foreign Relations1 aWolpert, Stanley bSRS cBK 001040708StackRoom-aHMIbHMId2007-04-03g71760.00l0o954 WOLp013250r2007-04-03v71760.00w2005-05-24yBK c6567d6567